| 000 | 02190cam a22005774i 4500 | ||
|---|---|---|---|
| 003 | PE-LiUPU | ||
| 005 | 20250731180117.0 | ||
| 008 | 190723s2015 sp a r 000 0 spa d | ||
| 020 | _a8416004730 | ||
| 020 | _a9788416004737 | ||
| 035 | _a(Sirsi) a252337 | ||
| 040 |
_aPE-LiUPU _bspa _cPE-LiUPU _erda |
||
| 041 | 1 |
_aspa _heng |
|
| 049 | _aPRUA | ||
| 082 | 0 | 4 |
_a574.192 _bF38 _220 |
| 100 | 1 |
_aFerrier, Denise R., _eautor. |
|
| 245 | 1 | 0 |
_aMemorama : _bbioquímica / _cDenise R. Ferrier, Bradford A. Jameson ; [traducción, Rita Gabriela León Jiménez]. |
| 264 | 1 |
_aL'Hospitalet de Llobregat, Barcelona : _bWolters Kluwer, _c2015. |
|
| 300 |
_aPaginación variada : _bilustraciones ; _c10 centímetros. |
||
| 336 |
_atext _2rdacontent |
||
| 337 |
_aunmediated _2rdamedia |
||
| 338 |
_avolume _2rdacarrier |
||
| 490 | 0 | _aLippincott illustrated reviews | |
| 505 | 0 | _aEstructura y función de las proteínas -- Bioenergética y metabolismo de carbohidratos -- Metabolismo de lípidos -- Metabolismo del nitrógeno -- Integración del metabolismo - Almacenamiento y expresión de la información genética -- Coagulación sanguínea -- Abreviaturas. | |
| 526 | _aSEG44 | ||
| 526 | _aSEG26 | ||
| 526 | _aP159 | ||
| 526 | _aP155 | ||
| 526 | _aP154 | ||
| 526 | _aP153 | ||
| 526 | _aP150 | ||
| 526 | _aP100 | ||
| 526 | _aP31 | ||
| 526 | _aP30 | ||
| 526 | _aP26 | ||
| 526 | _aP25 | ||
| 526 | _aP24 | ||
| 526 | _aP22 | ||
| 526 | _aP15 | ||
| 526 | _aP10 | ||
| 534 |
_pTítulo Original: _tLippincott illustrated reviews flash cards: Biochemistry. |
||
| 541 | _gE001-5; | ||
| 650 | 0 | 7 |
_aBioqímica _vPreguntas y respuestas. _2embne |
| 700 | 1 |
_aJameson, Bradford A., _eautor. |
|
| 700 | 1 |
_aLeón Jiménez, Rita Gabriela, _etraductora. |
|
| 910 |
_abgr _bjpc _cjpc _d20190723 |
||
| 942 |
_2ddc _cBOOK |
||
| 994 |
_aC0 _bPEPRU |
||
| 596 | _a1 | ||
| 999 |
_a574.192 F38 _wDEWEY _c31565 _i80407 _d31565 _e2019-10-2 _f2021-11-3 _g3 _lCCODEBUL1 _mBUL _n7 _p64.00 _q7 _r0 _sY _tBOOK _u2019-7-23 _xSALUD _zP30 _0COMPRA _1FCOMPR3 _o.STAFF. Colección Ciencias de la Salud |
||
| 980 |
_81 _gALBERTO SANCHEZ Responsable de Automatización |
||